Visualizzazione normale
Vista MARC
- Rotondo Nunzio
di Personal Name
Records bibliografici associati: 1
001 - CONTROL NUMBER
- control field: 25908
003 - CONTROL NUMBER IDENTIFIER
- control field: IT-RoPau
005 - DATE AND TIME OF LATEST TRANSACTION
- control field: 20140521114941.0
008 - FIXED-LENGTH DATA ELEMENTS
- fixed length control field: 140521|| aca||aabn | a|a d
040 ## - CATALOGING SOURCE
- Original cataloging agency: IT-RoPau
- Transcribing agency: IT-RoPau
100 ## - HEADING--PERSONAL NAME
- Personal name: Rotondo Nunzio
- Dates associated with a name: Codice autore musica SPICS: 25057
- Relator term: Autore musica
- Name of part/section of a work: Garineipaulus
670 ## - SOURCE DATA FOUND
- Source citation: Work cat.: (IT-RoPau)100002: AA.VV. 794, Italian jazz graffiti 2